Statistics for Largest Tire Manufacturers

Click here to take the quiz!

General Stats

  • This quiz has been taken 59 times
  • The average score is 5 of 10

Answer Stats

Revenues (€)Company% Correct
20.5 bnMichelin
94%
14.4 bnGoodyear
90%
22.4 bnBridgestone
84%
6.1 bnPirelli
75%
10.7 bnContinental
61%
3.9 bnYokohama
47%
5.2 bnHankook
33%
5.3 bnSumitomo
12%
3.4 bnMaxxis
6%
2.8 bnCooper Tires
4%

Score Distribution

Percentile by Number Answered

Percent of People with Each Score

Your Score History

You have not taken this quiz